000 00339nam a2200133Ia 4500
008 240624s9999 xx 000 0 und d
041 _aeng
082 _a658.0555 SVO
100 _aSVOLBA GERHARD
245 _aAPPLYING DATA SCIENCE BUSINESS CASE STUD
260 _c2017
_aUsing SAS
_bSAS Institute
300 _a490 p.
365 _cRS
_b25
999 _c30855
_d30855